Die Rechtssprache des Badischen Landrechts im Vergleich mit anderen deutschen Fassungen des "Code civil"
Saved in:
| Main Author: | |
|---|---|
| Format: | Chapter/Article Conference Paper |
| Language: | German |
| Published: |
2011
|
| In: |
200 Jahre Badisches Landrecht von 1809/1810
Year: 2011, Pages: 245-283 |
| Subjects: | |
| Online Access: |
|
| Author Notes: | Andreas Deutsch |
MARC
| LEADER | 00000caa a22000002c 4500 | ||
|---|---|---|---|
| 001 | 1532983980 | ||
| 003 | DE-627 | ||
| 005 | 20220812194031.0 | ||
| 007 | tu | ||
| 008 | 160404s2011 xx ||||| 00| ||ger c | ||
| 035 | |a (DE-627)1532983980 | ||
| 035 | |a (DE-576)462983986 | ||
| 035 | |a (DE-599)BSZ462983986 | ||
| 035 | |a (OCoLC)1340904739 | ||
| 040 | |a DE-627 |b ger |c DE-627 |e rda | ||
| 041 | |a ger | ||
| 084 | |a 19 |2 sdnb | ||
| 100 | 1 | |a Deutsch, Andreas |d 1970- |e VerfasserIn |0 (DE-588)141298146 |0 (DE-627)626542901 |0 (DE-576)323217613 |4 aut | |
| 245 | 1 | 4 | |a Die Rechtssprache des Badischen Landrechts im Vergleich mit anderen deutschen Fassungen des "Code civil" |c Andreas Deutsch |
| 264 | 1 | |c 2011 | |
| 300 | |a 39 | ||
| 336 | |a Text |b txt |2 rdacontent | ||
| 337 | |a ohne Hilfsmittel zu benutzen |b n |2 rdamedia | ||
| 338 | |a Band |b nc |2 rdacarrier | ||
| 655 | 7 | |a Konferenzschrift |0 (DE-588)1071861417 |0 (DE-627)826484824 |0 (DE-576)433375485 |2 gnd-content | |
| 773 | 0 | 8 | |i Enthalten in |t 200 Jahre Badisches Landrecht von 1809/1810 |d Frankfurt am Main : Lang, 2011 |g (2011), Seite 245-283 |h VIII, 302 S. |w (DE-627)65587366X |w (DE-576)340027703 |z 9783631601549 |7 nnam |a Die Rechtssprache des Badischen Landrechts im Vergleich mit anderen deutschen Fassungen des "Code civil" |
| 773 | 1 | 8 | |g year:2011 |g pages:245-283 |g extent:39 |a Die Rechtssprache des Badischen Landrechts im Vergleich mit anderen deutschen Fassungen des "Code civil" |
| 951 | |a AR | ||
| 992 | |a 20160404 | ||
| 993 | |a ConferencePaper | ||
| 994 | |a 2011 | ||
| 998 | |g 141298146 |a Deutsch, Andreas |m 141298146:Deutsch, Andreas |d 20000 |d 20600 |e 20000PD141298146 |e 20600PD141298146 |k 0/20000/ |k 1/20000/20600/ |p 1 |x j |y j | ||
| 999 | |a KXP-PPN1532983980 |e 291131073X | ||
| BIB | |a Y | ||
| JSO | |a {"title":[{"title":"Die Rechtssprache des Badischen Landrechts im Vergleich mit anderen deutschen Fassungen des \"Code civil\"","title_sort":"Rechtssprache des Badischen Landrechts im Vergleich mit anderen deutschen Fassungen des \"Code civil\""}],"name":{"displayForm":["Andreas Deutsch"]},"id":{"eki":["1532983980"]},"physDesc":[{"extent":"39 S."}],"language":["ger"],"type":{"bibl":"chapter"},"recId":"1532983980","relHost":[{"language":["ger"],"relMultPart":[{"physDesc":[{"noteFormat":"22 cm"}],"id":{"eki":["130253855"],"zdb":["553472-0"],"issn":["0344-290X"]},"pubHistory":["1.1982; 2.1978 -"],"dispAlt":"Rechtshistorische Reihe","title":[{"title":"Rechtshistorische Reihe","title_sort":"Rechtshistorische Reihe"}],"part":{"number":["415"],"number_sort":["415"]},"origin":[{"dateIssuedKey":"1978","dateIssuedDisp":"1978-","publisherPlace":"Berlin ; Bern ; Wien ; Frankfurt, M. [u.a.] ; Frankfurt, M. ; Berlin ; Bern ; Bruxelles ; New York, NY ; Oxford ; Wien ; Frankfurt, M. ; Bern [u.a.] ; Wien","publisher":"Peter Lang ; Lang ; Lang ; PL Acad. Research"}],"disp":"Rechtshistorische Reihe","language":["ger"],"recId":"130253855","type":{"bibl":"serial"}}],"part":{"year":"2011","extent":"39","text":"(2011), Seite 245-283","pages":"245-283"},"person":[{"role":"edt","display":"Hattenhauer, Christian","given":"Christian","family":"Hattenhauer"},{"role":"edt","display":"Schroeder, Klaus-Peter","given":"Klaus-Peter","family":"Schroeder"}],"name":{"displayForm":["Christian Hattenhauer ... (Hrsg.)"]},"title":[{"title":"200 Jahre Badisches Landrecht von 1809/1810","subtitle":"Jubiläumssymposium des Instituts für geschichtliche Rechtswissenschaft der Ruprecht-Karls-Universität Heidelberg und der Heidelberger Rechtshistorischen Gesellschaft vom 23. bis 26. September 2009","title_sort":"200 Jahre Badisches Landrecht von 1809/1810"}],"physDesc":[{"noteIll":"Ill., graph. Darst.","extent":"VIII, 302 S.","noteFormat":"210 mm x 148 mm"}],"corporate":[{"role":"oth","display":"Universität Heidelberg"}],"titleAlt":[{"title":"Zweihundert Jahre Badisches Landrecht von 1809/1810"}],"disp":"Die Rechtssprache des Badischen Landrechts im Vergleich mit anderen deutschen Fassungen des \"Code civil\"200 Jahre Badisches Landrecht von 1809/1810","recId":"65587366X","type":{"bibl":"edited-book"},"origin":[{"dateIssuedDisp":"2011","dateIssuedKey":"2011","publisher":"Lang","publisherPlace":"Frankfurt am Main ; Berlin ; Bern ; Wien [u.a.]"}],"id":{"eki":["65587366X"],"isbn":["9783631601549"]}}],"person":[{"given":"Andreas","family":"Deutsch","display":"Deutsch, Andreas","role":"aut"}],"origin":[{"dateIssuedKey":"2011","dateIssuedDisp":"2011"}]} | ||
| SRT | |a DEUTSCHANDRECHTSSPRA2011 | ||